000 00860nam a2200217Ia 4500
999 _c49969
_d49969
001 16905
003 GE_BSU
005 20221125154555.0
008 181216s1974ge xx |||||||||||||| ||geo||
040 _cGE_BSU
041 _ageo
080 _a821.161.1-32 ჩ-54
100 _aჩეხოვი, ა.
_916115
245 _aმოთხრობები : /
_c ა. ჩეხოვი, მთარგმნ : რ. ქებულაძე, რედ. ნ. ლორთქიფანიძე
264 _aთბილისი :
_bნაკადული,
_c1974.
300 _a474 გვ. ;
_b22 სმ.
653 _aმოთხრობები
700 _aქებულაძე, რ.
_eმთარგმნელი
_916116
700 _aლორთქიფანიძე, ნ
_eრედაქტორი
_92974
942 _cBK
_2udc